000 00691nam a2200205 i 4500
001 9846
003 ES-MaACL
005 20230906145753.0
007 t|
008 940211s1991 sp ||||1| spa d
020 _a84-600-7720-9
080 _a657.6(46)(094.5):351.82
080 _a351.82:657.6(46)(094.5)
245 0 0 _aNormativa sobre auditoría de cuentas en España /
_cInstituto de Contabilidad y Auditoría de Cuentas.
260 _aMadrid :
_bICAC,
_cD.L. 1991.
300 _a1 carpeta (pag. var.) ;
_c25 cm.
650 1 4 _aAuditoría-
_zEspaña-
_vLegislación.
_910415
710 0 0 _aInstituto de Contabilidad y Auditoría de Cuentas.
_94847
852 _aES-MaACL
_jL-17144
_bR.121784
999 _c9846
_d9846